000 00656cam a2200181 i 4500
005 20251111111115.0
008 250721s2002 le gr 000 0 ara d
082 1 4 _a158
_bم د ر
100 1 _aالمدرسي، هادي
_eمؤلف.
245 1 0 _aمفاتيح النجاح /
_cهادي المدرسي.
264 3 1 _aبيروت :
_bالمركز الثقافي العربي ؛
_bالدار العربية للعلوم،
_c2002.
300 _a150 صفحة.
490 0 _aتعلم كيف تنجح ؛
_vرقم 1.
650 1 7 _aعلم النفس التطبيقي.
830 0 _aتعلم كيف تنجح.
942 _2ddc
_cBK
999 _c224721
_d224721